000 04981nam a22004937a 4500
005 20110503150535.0
010 _aB-425485-509
020 _a978935290040
_c199.00
035 _aB-425485-509
037 _bRBC/Ven
100 _aSoofi, Mayank Austen
_927758
245 _athe Delhi walla, food + drink
_cMayank Austen Soofi ; designed by Solveig Marina Bang.
246 _aFood + drink
260 _aNoida
_b Collins
_c2010
300 _a97p.
_bcol. ill.
_c18 cm.(pbk)
490 _aDelhi walla
_927759
942 _2ddc
_cEN
_mSOO
_h641.3
999 _c52072
_d52072